| 000 | 01276nam a22003017a 4500 | ||
|---|---|---|---|
| 001 | 113429 | ||
| 003 | DR-UNIBE | ||
| 005 | 20250409154429.0 | ||
| 008 | 250409b2025 dr ||||| |||| 00| 1 spa d | ||
| 020 | _a9789945224092 | ||
| 040 |
_aBIBLIOTECA UNIBE _bspa _cBIBLIOTECA UNIBE _erda |
||
| 041 | _aspa | ||
| 090 | _aFBIU-EB CI R175o | ||
| 100 | 1 | 0 |
_aRamos Miranda, Evelyn _9194067 _eautor |
| 245 | 1 | 0 |
_aOdette y las mariquitas de papel / _cEvelyn Ramos Miranda ; ilustraciones, diseño y diagramación: Henry Cid; colaboración: Venus Arthemys Azul Ramos Ureña |
| 250 | _aPrimera edición | ||
| 260 |
_aSanto Domingo : _bEditora Búho, _c2025 |
||
| 300 |
_a20 páginas: _bilustraciones a color ; _c27 x 21 cm |
||
| 500 | _aIncluye modelos recortables de muñecas y ropa al final de la obra, comentario de la obra en la contraportada | ||
| 653 | 7 | _aCuentos infantiles dominicanos | |
| 653 | 7 | _aMuñecas de papel - Cuentos infantiles dominicanos | |
| 653 | 7 | _aCuriosidad - Cuentos infantiles dominicanos | |
| 653 | 7 | _aJuegos - Cuentos infantiles dominicanos | |
| 653 | 7 | _aLiteratura infantil dominicana | |
| 700 | 1 | 0 |
_aCid, Henry _953412 _eilustrador _ediseñador _ediagramador |
| 700 | 1 | 0 |
_aUreña Ramos, Venus Arthemys Azul _9194072 _ecolaborador |
| 942 |
_2ddc _cBK |
||
| 999 |
_c113429 _d113429 |
||